Statistics for Richest Countries in the Americas

Click here to take the quiz!

General Stats

  • This quiz has been taken 94 times
  • The average score is 8 of 10

Answer Stats

GDP per capitaCountry% Correct
$45,900Canada
97%
$56,300United States
97%
$23,800Chile
92%
$22,400Argentina
90%
$25,600The Bahamas
84%
$20,900Panama
83%
$21,800Uruguay
81%
$32,600Trinidad and Tobago
77%
$22,800Saint Kitts and Nevis
76%
$23.700Antigua and Barbuda
67%

Score Distribution

Percentile by Number Answered

Percent of People with Each Score

Your Score History

You have not taken this quiz